000 00643nam a2200205 a 4500
005 20240925064114.0
008 991125s1982 es 000 0 spa u
020 _a8427705409
035 _aUPN01000009967
049 _aCG
050 4 _aBF721
_bC4.3
100 1 _aCembranos Pérez, María del Carmen
245 1 0 _aDesarrollo psicoevolutivo en el ciclo medio :
_bejes personales y sociales de la segunda infancia /
_cCarmen Cembranos, Pilar Gallego.
260 _aMadrid :
_bNarcea,
_c1982.
300 _a92 p.
440 0 _aProyecto ciclo medio
650 4 _aNiño, Estudio del
_9221
700 1 _aGallego, Pilar,
_ecoaut.
905 _aLibro
999 _c9967
_d9967